000 00684nam a2200181Ia 4500
008 151018s9999 xx 000 0 und d
082 _bRBASDV33037
_a891.433
100 _aमुंशी प्रेमचंद
245 _aस्त्री संघर्ष कि कहानियाँ
250 _b1
260 _bशिलालेख
_c2001
300 _a176
600 _aमुंशी प्रेमचंद
630 _aस्त्री संघर्ष कि कहानियाँ
700 _aमुंशी प्रेमचंद
730 _aस्त्री संघर्ष कि कहानियाँ
942 _cBOOK
999 _c1032557
_d1032554